<?xml version="1.0" encoding="UTF-8"?>
<record
    xmlns:xsi="http://www.w3.org/2001/XMLSchema-instance"
    xsi:schemaLocation="http://www.loc.gov/MARC21/slim http://www.loc.gov/standards/marcxml/schema/MARC21slim.xsd"
    xmlns="http://www.loc.gov/MARC21/slim">

  <leader>00259nam a2200097Ia 4500</leader>
  <controlfield tag="001">1224393</controlfield>
  <controlfield tag="005">20250827092925.0</controlfield>
  <controlfield tag="008">250824s9999    xx            000 0 und d</controlfield>
  <datafield tag="245" ind1=" " ind2="0">
    <subfield code="a"> TOPLAR K&#x130;M&#x130;N &#x130;&#xC7;&#x130;N YUVARLANIYOR</subfield>
    <subfield code="c">DAV P&#x130;LKEY</subfield>
  </datafield>
  <datafield tag="260" ind1=" " ind2=" ">
    <subfield code="b">ALTIN K&#x130;TAPLAR</subfield>
  </datafield>
  <datafield tag="999" ind1=" " ind2=" ">
    <subfield code="c">1224393</subfield>
    <subfield code="d">1224393</subfield>
  </datafield>
</record>
